000 00298nam a22001337a 4500
008 170815b xxu||||| |||| 00| 0 eng d
020 _a9780130831439
041 _aeng
080 _24 ED
_a51
100 _a36
101 _aMAT
245 _aMATHEMATICAL STRUCTURES
_cKOLMAN.B
942 _2udc
_cBK
999 _c23505
_d23505